Learning Resource and Development

Ethics and economics : (Record no. 30307)

MARC details
000 -LEADER
fixed length control field 03269cam a22004578i 4500
001 - CONTROL NUMBER
control field 21898500
003 - CONTROL NUMBER IDENTIFIER
control field CSPC
005 - DATE AND TIME OF LATEST TRANSACTION
control field 20250904093138.0
008 - FIXED-LENGTH DATA ELEMENTS--GENERAL INFORMATION
fixed length control field 210209s2021 nyu b 001 0 eng
010 ## - LIBRARY OF CONGRESS CONTROL NUMBER
LC control number 2021006038
020 ## - INTERNATIONAL STANDARD BOOK NUMBER
International Standard Book Number 9781032020624
Qualifying information (paperback)
035 ## - SYSTEM CONTROL NUMBER
System control number 21898500
040 ## - CATALOGING SOURCE
Original cataloging agency DLC
Language of cataloging eng
Description conventions rda
Transcribing agency DLC
Modifying agency CSPC
042 ## - AUTHENTICATION CODE
Authentication code pcc
050 00 - LIBRARY OF CONGRESS CALL NUMBER
Classification number HB72
Item number .G723 2021
082 00 - DEWEY DECIMAL CLASSIFICATION NUMBER
Classification number 174.4
Item number G75e
Edition number 23
100 1# - MAIN ENTRY--PERSONAL NAME
Personal name Graafland, Johan,
Relator term author.
245 10 - TITLE STATEMENT
Title Ethics and economics :
Remainder of title an introduction to free markets, equality and happiness /
Statement of responsibility, etc. Johan Graafland.
250 ## - EDITION STATEMENT
Edition statement First edition.
263 ## - PROJECTED PUBLICATION DATE
Projected publication date 2107
264 #1 - PRODUCTION, PUBLICATION, DISTRIBUTION, MANUFACTURE, AND COPYRIGHT NOTICE
Place of production, publication, distribution, manufacture Abingdon, Oxon ;
-- New York, NY :
Name of producer, publisher, distributor, manufacturer Routledge,
Date of production, publication, distribution, manufacture, or copyright notice 2022.
300 ## - PHYSICAL DESCRIPTION
Extent xviii, 251 pages ;
Dimensions 25 cm.
336 ## - CONTENT TYPE
Content type term text
Content type code txt
Source rdacontent
337 ## - MEDIA TYPE
Media type term unmediated
Media type code n
Source rdamedia
338 ## - CARRIER TYPE
Carrier type term volume
Carrier type code nc
Source rdacarrier
504 ## - BIBLIOGRAPHY, ETC. NOTE
Bibliography, etc. note Includes bibliographical references and index.
505 0# - FORMATTED CONTENTS NOTE
Formatted contents note Introduction -- Part I. Free markets, welfare and happiness -- Utilitarianism -- Three economic perspectives on the 'good' market system -- Free markets, welfare and happiness: empirical research -- Part II. Free markets, rights and inequality -- The ethics of duties and rights -- The ethics of justice -- Free markets, rights and inequality: empirical research -- Part III. Free markets, virtues and happiness -- Virtue ethics and care ethics -- Adam Smith on markets, virtues and happiness -- Markets, virtues and happiness: empirical research -- Part IV. Consolidation and integration -- Liberalism and communitarianism -- The morality of free markets: integration and application.
520 ## - SUMMARY, ETC.
Summary, etc. "This textbook applies economic ethics to evaluate the free market system and enables students to examine the impact of free markets using the three main ethical approaches: utilitarianism, principle-based ethics, and virtue ethics. Ethics and Economics systematically links empirical research to these ethical questions, with a focus on the core topics of happiness, inequality, and virtues. Each chapter offers a recommended further reading list, and digital supplements include a list of key terms. The final chapter provides a practical method for applying the different ethical approaches to morally evaluate an economic policy proposal and an example of the methodology being applied to a real-life policy. This book will give students a clear theoretical and methodological toolkit for analyzing the ethics of market policies, making it a valuable resource for courses on economic ethics and economic philosophy"--
Assigning source Provided by publisher.
650 #0 - SUBJECT ADDED ENTRY--TOPICAL TERM
Topical term or geographic name entry element Economics
General subdivision Moral and ethical aspects.
650 #0 - SUBJECT ADDED ENTRY--TOPICAL TERM
Topical term or geographic name entry element Utilitarianism
General subdivision Moral and ethical aspects.
650 #0 - SUBJECT ADDED ENTRY--TOPICAL TERM
Topical term or geographic name entry element Free enterprise
General subdivision Moral and ethical aspects.
650 #0 - SUBJECT ADDED ENTRY--TOPICAL TERM
Topical term or geographic name entry element Equality.
650 #0 - SUBJECT ADDED ENTRY--TOPICAL TERM
Topical term or geographic name entry element Social justice.
650 #0 - SUBJECT ADDED ENTRY--TOPICAL TERM
Topical term or geographic name entry element Virtue.
650 #0 - SUBJECT ADDED ENTRY--TOPICAL TERM
Topical term or geographic name entry element Conduct of life.
776 08 - ADDITIONAL PHYSICAL FORM ENTRY
Relationship information Online version:
Main entry heading Graafland, Johan,
Title Ethics and economics
Edition 1.
Place, publisher, and date of publication New York : Routledge, 2021.
International Standard Book Number 9781003181835
Record control number (DLC) 2021006039
906 ## - LOCAL DATA ELEMENT F, LDF (RLIN)
a 7
b cbc
c orignew
d 1
e ecip
f 20
g y-gencatlg
942 ## - ADDED ENTRY ELEMENTS (KOHA)
Source of classification or shelving scheme Dewey Decimal Classification
Koha item type Books
Edition 23
Classification part 174.4
Item part G75e
Call number prefix GRD
Call number suffix 2022
Suppress in OPAC No
Holdings
Withdrawn status Lost status Source of classification or shelving scheme Damaged status Not for loan Home library Current library Shelving location Date acquired Total Checkouts Full call number Barcode Date last seen Copy number Price effective from Koha item type
    Dewey Decimal Classification     Main Library Main Library Graduate School Library 09/04/2025   GRD 174.4 G75e 2022 030087 09/04/2025 1-1 09/04/2025 Books